000 01134nam a2200265 a 4500
001 000044949
003 DO-SdBNP
005 20240412074308.0
008 150122s2018 dr 000 j spa d
020 _a9789945589405
040 _aDO-SdBNP
_bspa
_cBNPHU
082 4 _aRD863.44
_bC527r 2018
_222
100 1 _aChevalier, Nan,
_d1965-
_9350
245 1 3 _aLa recámara aislante del tiempo /
_cNan Chevalier.
250 _a2da. ed.
260 _aSanto Domingo :
_bSantuario,
_c2018.
300 _a106 p. ;
_c23 cm.
500 _aIncluye datos biografícos del autor en las solapas
505 0 _aTúnel hacia el pasado --
_tEl condenado--
_tNuevas noticias sobre el dominio --
_tLa noche de San Juan --
_tEstefanía --
_tEl necio --
_tDescenso siniestro --
_tEl visitante --
_tLa maleta del forastero --
_tEl ufólogo --
_tEspectros de la tormenta solar --
_tInvasión en el Puerto de Plata --
_tRapto en alta mar --
_tLa recámara aislante del tiempo.
590 _aInventariado, 202 /LP
650 0 _aCuentos dominicanos
_9176
650 0 _aLiteratura dominicana.
_967
910 _aValidado. Control de calidad MFF
942 _2ddc
_cLBS1
999 _c50461
_d50461